Statistics for Country Word Search #18

Click here to take the quiz!

General Stats

  • This quiz has been taken 959 times
  • The average score is 10 of 11

Answer Stats

Country % Correct
Morocco
99%
Bolivia
97%
Denmark
96%
Oman
92%
Iceland
92%
Comoros
90%
Peru
89%
Iran
89%
Kosovo
79%
Laos
71%
Iraq
67%

Score Distribution

Percentile by Number Answered

Percent of People with Each Score

Your Score History

You have not taken this quiz